Pays selon la description Wikipédia #3 - Statistiques

Statistiques générales
  • Ce quiz a été pris 356 fois
  • Le résultat moyen est 9 sur 12
Statistiques - réponses
Description Réponse % Correct
Sans accès à la mer, [...] partage des frontières avec la Grèce, la Bulgarie, la Serbie, le Kosovo et l’Albanie. Le pays occupe approximativement la moitié nord de la [...] géographique, qui s'étend aussi en Grèce et en Bulgarie. Le pays est principalement montagneux et compte une cinquantaine de lacs. Macédoine du Nord
91%
[...] est un pays mégadivers avec des habitats allant des plaines arides de la région côtière du Pacifique à l'ouest aux sommets des montagnes des Andes s'étendant du nord au sud-est du pays à la forêt tropicale du bassin amazonien à l'est avec le fleuve Amazone. Pérou
90%
C' est un État fédéral d'Europe centrale, sans accès à la mer. appartenant à l’Empire romain puis en partie par la Francie orientale, le pays est pendant tout le Moyen Âge une des nombreuses principautés de langue allemande composant le Saint-Empire romain germanique. Autriche
88%
Il est le premier pays à reconnaître officiellement le génocide arménien, le 20 avril 1965. En 2013, il devient le premier pays au monde à légaliser la production et la vente de cannabis. La même année, le mariage et l'adoption sont ouverts aux couples de même sexe. Il s'agit également du seul pays d'Amérique du Sud permettant l'avortement sur demande. Uruguay
87%
Pays situé dans la région du Petit Caucase, en Asie occidentale. En 2015, un accord avec l'Union européenne est initié, bien que selon les conventions géographiques classiques le territoire se situe en Asie occidentale. Le pays est considéré comme faisant partie culturellement, historiquement et politiquement de l'Europe Arménie
81%
Monarchie indépendante depuis le milieu du XVIIIe siècle, [...] est gouvernée par un sultan, Haïtham ben Tariq, depuis 2020. Selon les classifications de l'indice de démocratie, le pays a un régime autoritaire, mais le plus démocratique de toute la péninsule arabique. Oman
76%
[...] est un archipel de 116 îles (dont une artificielle), situé en Afrique de l’Est, dans l'ouest de l'océan Indien. Toutes ces îles sont regroupées en un État dont la capitale est la ville de Victoria sur l'île principale de Mahé. Seychelles
76%
Pays d'Asie centrale, frontalier à l'Afghanistan, le territoire devient partie de l'Empire russe puis devient une république soviétique en 1924. Pendant la dislocation de l'URSS, le pays obtient son indépendance en 1991 sous la dictature du président Islam Karimov. Ouzbekistan
75%
Le [...] en forme longue la république coopérative du [...], anciennement [...] britannique, est le seul État du Commonwealth situé en Amérique du Sud. De plus, il s'agit également du seul État d'Amérique du Sud où la langue officielle est l'anglais. Guyana
73%
Le pays doit son nom au fleuve qui le borde à l'est et au nord et qui prend sa source dans le Fouta-Djalon en Guinée. Le climat est tropical et sec avec deux saisons : la saison sèche et la saison des pluies. S’étendant sur une surface de 196 712 km2, le pays dispose d'une importante façade maritime, à l'ouest, avec l'océan Atlantique. Sénégal
70%
Les [...], en forme longue le royaume des [...] , sont un État de Polynésie, situé dans l'Ouest de l'océan Pacifique sud, à 744 km à l'est-sud-est des îles Fidji et à 875 km au sud de Wallis-et-Futuna. Le pays est réparti en trois archipels principaux comportant plus de 170 îles et îlots. Tonga
63%
Pays d'Asie du Sud-Est continentale ayant une frontière commune avec la Chine au nord-nord-est, le Bangladesh à l'ouest et l'Inde au nord-nord-ouest. La partie méridionale a une façade sur la mer d'Andaman orientée vers le sud et l'ouest et la partie septentrionale s'ouvre sur le golfe du Bengale à l'ouest-sud-ouest, avec environ 2 000 kilomètres de côtes au total. Myanmar
43%
Aucun quiz correspondant
Distribution des résultats
% des personnes avec chaque résultat
Percentile par nombre de réponses
Votre historique - résultats
Vous n’avez pas pris ce quiz